Dôchodkové sporenie - otvorenie II. piliera do 30.6.2009

Základné podmienky účasti v II. pilieri. Vznik a zánik prvej účasti na starobnom dôchodkovom sporení. Prerušenie povinnej účasti na starobnom dôchodkovom sporení. Výstup z II. piliera v období od 15.11.2008 do 30.6.2009. Zmluva o starobnom dôchodkovom sporení a akceptačný list. Platenie príspevkov...

Descripción completa

Guardado en:
Detalles Bibliográficos
Autor principal: Strýčková, Jolana
Formato: Capítulo de libro
Lenguaje:eslovaco
Materias:
Etiquetas: Agregar Etiqueta
Sin Etiquetas, Sea el primero en etiquetar este registro!

MARC

LEADER 00000naa$a2200000$$$4500
001 0091430
005 20231109095913.5
041 0 |a slo 
044 |a SK 
245 1 0 |a Dôchodkové sporenie - otvorenie II. piliera do 30.6.2009  |c Jolana Strýčková 
520 |a Základné podmienky účasti v II. pilieri. Vznik a zánik prvej účasti na starobnom dôchodkovom sporení. Prerušenie povinnej účasti na starobnom dôchodkovom sporení. Výstup z II. piliera v období od 15.11.2008 do 30.6.2009. Zmluva o starobnom dôchodkovom sporení a akceptačný list. Platenie príspevkov na základe zmluvy o starobnom dôchodkovom sporení. Vymeriavací základ. Určenie sumy príspevkov. Povinnosti sporiteľa. Povinnosti dôchodkovej správcovskej spoločnosti. Osobný dôchodkový účet. Dávky vyplácané zo starobného dôchodkového sporenia a dedenie. 
610 2 0 |a dôchodky starobné 
610 2 0 |a sporenie dôchodkové starobné 
610 2 0 |a dávky dôchodkové 
610 2 0 |a spoločnosti správcovské dôchodkové 
610 2 0 |a základ vymeriavací 
610 2 0 |a účty osobné dôchodkové 
610 2 0 |a legislatíva 
100 1 |a Strýčková, Jolana